000 00717cpcaa22002177a 4500
001 mm 79000796
003 DLC
005 20260227111633.0
008 790521|||||||||||| eng
010 _amm 79000796
040 _aDLC
_cDLC
_edacs
_dDLC
072 7 _aC
_2lcmd
245 0 0 _aFlorida land register,
_f1804-1820.
300 _a1
_fitem.
506 0 _aOpen to research.
546 _aCollection material in English.
580 _aForms part of: Miscellaneous Manuscripts collection.
650 0 _aLand use
_zFlorida.
651 0 _aFlorida
_xHistory
_ySpanish colony, 1784-1821.
999 _c40524
_d40524